| 000 | 00551nam a2200181Ia 4500 | ||
|---|---|---|---|
| 008 | 090123s9999 xx 000 0 und d | ||
| 082 | _b22714 | ||
| 100 | _aतांबे नरेन | ||
| 245 | _aअमेरिकन स्त्री | ||
| 250 | _a1 | ||
| 260 |
_bगुड कंपोनियन _c1993 |
||
| 300 | _a78 | ||
| 600 | _aतांबे नरेन | ||
| 630 | _aअमेरिकन स्त्री | ||
| 700 | _aतांबे नरेन | ||
| 730 | _aअमेरिकन स्त्री | ||
| 942 | _cBOOK | ||
| 999 |
_c60786 _d60786 |
||